000 00941nam a2200241 i 4500
001 144549
003 ES-MaACL
005 20260130105621.0
007 t|
008 070214s1910 sp r ||||1| spa d
100 1 _aSimarro Lacabra, Luis,
_d1851-1921
_9106463
245 1 3 _aEl proceso Ferrer y la opinión europea.
_nI,
_pEl proceso /
_cpor L. Simarro.
260 _aMadrid :
_b[s.n.],
_c1910 (
_fImp. de Eduardo Arias)
300 _aXIV, 655 p. ;
_c22 cm.
500 _aÍndice.
505 8 _aContiene: Los sucesos de Barcelona ; Ferrer en Barcelona ; La bola de nieve ; La persecución ; El proceso
530 _aDisponible en formato digital.
600 1 4 _aFerrer i Guàrdia, Francesc,
_d1859-1909
_9242588
852 _x
_a R-2455
_cDEPO1
_dOlim: G-2923
_fES-MaACL
856 4 _uhttps://archive.org/details/elprocesoferrery01ferr/page/n9/mode/2up
_yInternet Archive
942 _2udc
999 _c144549
_d144549